Constructional deformations in a rockfill dam (Record no. 94593)

MARC details
000 -LEADER
fixed length control field 00791cam a2200265 4500
001 - CONTROL NUMBER
control field D11268
008 - FIXED-LENGTH DATA ELEMENTS--GENERAL INFORMATION
fixed length control field 090401t1972 xxu||||| |||| 00| 0 eng d
035 ## - SYSTEM CONTROL NUMBER
System control number (Sirsi) u63660
041 ## - LANGUAGE CODE
Language code of text/sound track or separate title eng
050 ## - LIBRARY OF CONGRESS CALL NUMBER
Classification number 624.176
100 ## - MAIN ENTRY--PERSONAL NAME
Personal name Penman, A.D.M.
245 ## - TITLE STATEMENT
Title Constructional deformations in a rockfill dam
260 ## - PUBLICATION, DISTRIBUTION, ETC.
Place of publication, distribution, etc. Garston, Watford
Name of publisher, distributor, etc. Building Research Station
Date of publication, distribution, etc. 1972
300 ## - PHYSICAL DESCRIPTION
Extent 28p. : ill. ; 30cm
350 ## - PRICE (NR) (BK AM CF MU VM SE) [OBSOLETE]
Price 0
490 ## - SERIES STATEMENT
Series statement BRS Current Paper
Volume/sequential designation 19/72
520 ## - SUMMARY, ETC.
Summary, etc. Additional copy in RICS Land Surveyors` Information Package 4: Deformation Measurements q.v.
650 ## - SUBJECT ADDED ENTRY--TOPICAL TERM
Topical term or geographic name entry element DEFORMATION MEASUREMENTS
650 ## - SUBJECT ADDED ENTRY--TOPICAL TERM
Topical term or geographic name entry element LLYN BRIANNE DAM
650 ## - SUBJECT ADDED ENTRY--TOPICAL TERM
Topical term or geographic name entry element ROCKFILL DAMS
700 ## - ADDED ENTRY--PERSONAL NAME
Personal name Charles, J. A.
710 ## - ADDED ENTRY--CORPORATE NAME
Corporate name or jurisdiction name as entry element Building Research Station
9 (RLIN) 203
942 ## - ADDED ENTRY ELEMENTS (KOHA)
Suppress in OPAC 0
948 ## - LOCAL PROCESSING INFORMATION (OCLC); SERIES PART DESIGNATOR (RLIN)
c (OCLC) 04/03/1997
Holdings
Withdrawn status Lost status Source of classification or shelving scheme Damaged status Not for loan Home library Current library Shelving location Date acquired Total Checkouts Full call number Barcode Date last seen Copy number Price effective from Koha item type
    Dewey Decimal Classification     London London Boxed set 31/07/1995   RESERVE SHELF 30046201 06/08/2019 1 06/08/2019 Book